000 01552cam a2200349 i 4500
001 24937
003 Mx-PuUPA
005 20260218091520.0
008 140415s2010 mx b gr 001 0 spa d
020 _a9786074620610
040 _cMx-PuUPA
_aMx-PuUPA
_bspa
_dMx-PuUPA
_erda
041 0 _aspa
043 _aa-kr---
245 0 0 _aHistoria mínima de Corea /
_cJosé Luis León Manríquez, coordinador
246 3 4 _aCorea
250 _aPrimera edición
264 1 _aMéxico, D.F :
_bEl Colegio de México : Centro de Estudios de Asia y África,
_c2010
300 _a263 páginas :
_bmapas ;
_c21 cm
336 _2rdacontent
_atexto
_btxt
337 _2rdamedia
_asin medio
_bn
338 _2rdacarrier
_avolumen
_bnc
490 0 _aHistoria mínima
500 _aReimpresiones: (Primera, 2010 ; Segunda, 2013 ; Tercera, 2018 ; Cuarta, octubre de 2019 ; Quinta, noviembre de 2023).
651 4 _aCorea
_xHistoria
700 1 _aLeón Manríquez, José Luis,
_ecoordinador
775 0 _aLeón Manríquez, José Luis,
_tHistoria mínima de Corea
_bPrimera edición
_dMéxico, D.F. : El colegio de México : Centro de Estudios de Asia y África, 2009
_w(Mx-PuUPA) 8698
_z9786074620610
942 _2ddc
_cLI
_h951.9
_iH67
999 _c24937
_d24937